00214nam a22000857a 450000500170000000800410001704100080005824500400006626000220010620161222173502.0161222b xxu||||| |||| 00| 0 eng d aeng aElectrical Engineering (Gate 2016 ) bEngineers Academy